000 01215nas a2200373 c 4500
001 46201
003 ES-MaCES
005 20250331105157.0
006 aqr|p|r|||| 00| ||
007 cr |||||||||||
008 150811c2014 sp qr|p|||||| 0|||b|spa d
017 _aMU 1085-2014
022 _a2386-7191
040 _aES-MaCES
_bspa
_cES-MaCES
_dES-MaCES
041 0 _aspa
245 0 0 _aRevista de Derecho de la Seguridad Social
260 _aMurcia
_bLaborum
_c2014-
300 _a v.
_c24 cm
310 _aTrimestral
500 _aDescripción basada en: n. 2 (1er. trim. 2015)
530 _aDisponible ed. electrónica
541 _cCompra
650 4 _929076
_aprotección social
650 4 _927034
_aseguridad social
650 4 _930264
_aadministración de la seguridad social
650 4 _930265
_afinanciación de la seguridad social
650 4 _929855
_alegislación de seguridad social
653 1 0 _aSeguridad Social
856 4 0 _uhttps://revista.laborum.es/index.php/revsegsoc/issue/archive
_ytexto completo desde n. 1 (2014)
866 0 _a2015-
_zUbicación: DEPÓSITO - 55/1132
_zUbicación: SALA - REV.-3.0.-2
905 _fP
_k
_pA
942 _2CES
_cCR
_h3.0.
999 _c46201
_d46201